<?xml version="1.0" encoding="UTF-8"?>
<record
    xmlns:xsi="http://www.w3.org/2001/XMLSchema-instance"
    xsi:schemaLocation="http://www.loc.gov/MARC21/slim http://www.loc.gov/standards/marcxml/schema/MARC21slim.xsd"
    xmlns="http://www.loc.gov/MARC21/slim">

  <leader>00996nas a22002537a 4500</leader>
  <controlfield tag="005">20140905154347.0</controlfield>
  <controlfield tag="006">a|||||r|||| 00| 0 </controlfield>
  <controlfield tag="007">ta</controlfield>
  <controlfield tag="008">140905b        xxu||||| |||| 00| 0 eng d</controlfield>
  <datafield tag="022" ind1=" " ind2=" ">
    <subfield code="a">0972-8279</subfield>
  </datafield>
  <datafield tag="022" ind1=" " ind2=" ">
    <subfield code="a">0974-942X (Electonic)</subfield>
  </datafield>
  <datafield tag="245" ind1=" " ind2=" ">
    <subfield code="a">Journal of the maxillofacial and oral surgery :</subfield>
    <subfield code="b">official publication of the Association of  Oral and Maxillofacial Surgeons of India</subfield>
  </datafield>
  <datafield tag="260" ind1=" " ind2=" ">
    <subfield code="a">Mangalore :</subfield>
    <subfield code="b">Association of  Oral and Maxillofacial Surgeons of India</subfield>
    <subfield code="c">2014-</subfield>
  </datafield>
  <datafield tag="260" ind1=" " ind2=" ">
    <subfield code="a">New Delhi</subfield>
    <subfield code="b">Spinger India</subfield>
  </datafield>
  <datafield tag="300" ind1=" " ind2=" ">
    <subfield code="a">v.</subfield>
    <subfield code="c">24 cm (Pbk)</subfield>
  </datafield>
  <datafield tag="310" ind1=" " ind2=" ">
    <subfield code="a">quarterly</subfield>
  </datafield>
  <datafield tag="362" ind1=" " ind2=" ">
    <subfield code="a">vol 13 No 1 Jan-March 2014</subfield>
  </datafield>
  <datafield tag="500" ind1=" " ind2=" ">
    <subfield code="a">An official publication of Association of  Oral and Maxillofacial Surgeons of India</subfield>
  </datafield>
  <datafield tag="650" ind1=" " ind2=" ">
    <subfield code="a">Maxillofacial</subfield>
  </datafield>
  <datafield tag="650" ind1=" " ind2=" ">
    <subfield code="a">Oral surgery</subfield>
  </datafield>
  <datafield tag="856" ind1=" " ind2=" ">
    <subfield code="u">www.springer.com/12663</subfield>
  </datafield>
  <datafield tag="270" ind1=" " ind2=" ">
    <subfield code="a">Dr. Manjunath Rai Rai Dental Speciality Clinic K.S. Rao Road</subfield>
    <subfield code="b">Mangalore</subfield>
    <subfield code="e">575 001, rai.aomsi@gmail.com</subfield>
    <subfield code="m">rai.aomsi@gmail.com</subfield>
  </datafield>
  <datafield tag="942" ind1=" " ind2=" ">
    <subfield code="2">ddc</subfield>
    <subfield code="c">SR</subfield>
    <subfield code="s">1</subfield>
  </datafield>
  <datafield tag="999" ind1=" " ind2=" ">
    <subfield code="c">88364</subfield>
    <subfield code="d">88364</subfield>
  </datafield>
  <datafield tag="952" ind1=" " ind2=" ">
    <subfield code="0">0</subfield>
    <subfield code="1">0</subfield>
    <subfield code="2">ddc</subfield>
    <subfield code="4">0</subfield>
    <subfield code="7">1</subfield>
    <subfield code="8">NFIC</subfield>
    <subfield code="a">DBAD</subfield>
    <subfield code="b">DBAD</subfield>
    <subfield code="d">2014-09-05</subfield>
    <subfield code="l">0</subfield>
    <subfield code="r">2014-09-05 00:00:00</subfield>
    <subfield code="w">2014-09-05</subfield>
    <subfield code="y">SR</subfield>
  </datafield>
</record>
